000 00310nam a22001337a 4500
008 170927b xxu||||| |||| 00| 0 eng d
020 _a2900205547219
041 _aeng
080 _29 ED
_a37
100 _a47
101 _aEDU
245 _aCOMMUNICATING IN SMALL GROUPS
_cBEEBE.S.A
942 _2udc
_cBK
999 _c30273
_d30273